|
|
|
|
| LEADER |
00907nam a2200217 a 4500 |
| 001 |
011934932 |
| 008 |
090810r20001987enk 001 0 eng d |
| 020 |
|
|
|a 0141183624 (pbk) :
|c £3.99
|
| 040 |
|
|
|a UkCU
|d Uk
|
| 082 |
0 |
4 |
|a 823.8
|2 21
|
| 100 |
1 |
|
|a Kipling, Rudyard,
|d 1865-1936
|
| 245 |
1 |
0 |
|a Just so stories :
|b for little children /
|c Rudyard Kipling : illustrated by the author / edited with an introduction by Peter Levi.
|
| 260 |
|
|
|a London :
|b Penguin,
|c 1987
|g (2000 [printing])
|
| 300 |
|
|
|a 170p. ;
|c 20cm.
|
| 500 |
|
|
|a This ed. first published: 1987.
|
| 541 |
1 |
|
|e 00011930
|
| 650 |
0 |
|
|a Children's stories, English.
|
| 700 |
1 |
|
|a Levi, Peter.
|
| 852 |
4 |
|
|a Ayesha Abed Library
|j General Shelf.
|
| 999 |
|
|
|c 3275
|d 3275
|
| 952 |
|
|
|0 0
|1 0
|2 ddc
|4 0
|6 823_800000000000000_KIP
|7 0
|9 2967
|a BRACUL
|b BRACUL
|c GEN
|d 2009-08-31
|g 847.00
|l 3
|m 53
|o 823.8 KIP
|p 3010011930
|r 2026-03-07
|s 2025-09-24
|t 1
|w 2009-08-31
|y BK
|x $9.99
|